| Tag |
First Indicator |
Second Indicator |
Subfields |
| LEADER |
00000cam a2200000 i 4500 |
| 001 |
in00000612421 |
| 005 |
20151015052224.0 |
| 008 |
780419s1977 ne b 00110 eng |
| 010 |
|
|
|a 78302751
|
| 015 |
|
|
|a Ne77-43
|
| 020 |
|
|
|a 9020707272 :
|c fl 31.20
|
| 035 |
|
|
|a (OCoLC)04035327
|
| 035 |
|
|
|9 ACU0725AM
|
| 040 |
|
|
|a DLC
|c DLC
|d TXA
|d UtOrBLW
|
| 049 |
|
|
|a TXAM
|c [1187505]
|
| 050 |
0 |
0 |
|a HB241
|b .J86
|
| 082 |
0 |
|
|a 338/.001
|
| 100 |
1 |
|
|a Junius, Th.
|
| 245 |
1 |
0 |
|a Shephard technologies and neoclassical production functions /
|c Th. Junius.
|
| 264 |
|
1 |
|a Leiden :
|b Martinus Nijhoff Social Sciences Division,
|c 1977.
|
| 300 |
|
|
|a 128 pages ;
|c 23 cm.
|
| 336 |
|
|
|a text
|b txt
|2 rdacontent
|
| 337 |
|
|
|a unmediated
|b n
|2 rdamedia
|
| 338 |
|
|
|a volume
|b nc
|2 rdacarrier
|
| 490 |
1 |
|
|a Tilburg studies in econometrics ;
|v v. 2
|
| 500 |
|
|
|a Includes index.
|
| 504 |
|
|
|a Bibliography: pages [119]-124.
|
| 650 |
|
0 |
|a Production functions (Economic theory)
|
| 830 |
|
0 |
|a Tilburg studies in econometrics ;
|v v. 2.
|
| 999 |
|
|
|a MARS
|
| 999 |
f |
f |
|s 72bbfee4-304f-3b89-81f7-2f9971367e48
|i 81c4ab3c-4dfb-3fb7-a988-415d54587cd1
|t 0
|
| 952 |
f |
f |
|p ric
|a Texas A&M University
|b Rellis Campus
|c Joint Library Facility
|d Remote Storage
|t 0
|e HB241 .J86
|h Library of Congress classification
|i unmediated -- volume
|m A14802544007
|
| 998 |
f |
f |
|a HB241 .J86
|t 0
|l Remote Storage
|